000
00220 a2200097 4500
001
9342
100
_a
Churchil. W S
245
_a
A istory of the english speaking peoples.
260
_a
_b
Cassel
_c
090
_c
7509
_d
7509
942
_a
NUST-CAE
_c
M
_c
34166
999
_c
244415
_d
244415